| 000 | 00356 a2200169 4500 | ||
|---|---|---|---|
| 001 | 58377 | ||
| 020 | _a8532212891 | ||
| 040 | _cAnchieta - Pituba | ||
| 100 | _aBocage | ||
| 240 | 1 | 0 |
_aSonetos e outros poemas _lpor |
| 245 | 1 | 0 | _aSonetos e outros poemas |
| 300 | _a208 | ||
| 362 | 0 | _a1994 | |
| 440 | 1 | _aFTD | |
| 650 | 4 | _aPoesia portuguesa | |
| 942 | _cBK | ||
| 999 |
_c58377 _d58377 |
||